00376cam a22001217a 4500008004000000082001700040100001900057245007400076260002100150300001300171650004000184650003000224180718b1969 xxu||||| |||| 00| 0 eng d aT394x54 V265 aVartikar, V.S. aCommercial policy and economic development in Indiacby V.S. Vartikar aDelhibUBSc1969 ax, 168p. aIndia --Economic conditions --1947- aIndia --Commercial policy